Responses for Show #1494 - Thursday, February 14, 1991

1991 Teen Tournament quarterfinal game 4.

Contestants

[<< previous game]

Lauren Sager, a senior from Reston, Virginia

Agatha Feltus, a junior from Lexington, Kentucky

Chris Beckner, a senior from Mount Vernon, Washington

[next game >>]

Jeopardy! Round responses

"B" IN GEOGRAPHY
MAGAZINES
COLORFUL SPORTS
RESTAURANT CHAINS
ZOOLOGY
VERY GRIMM FAIRY TALES
    $100 18
Bengal

Lauren
    $100 17
computers

Chris
    $100 1
the green

Lauren
    $100 7
Kentucky Fried Chicken

Chris
    $100 12
a donkey

Agatha
    $100 2
Cinderella

Lauren
    $200 19
Black

Agatha
    $200 27
(Agatha: What is People?)

TV Guide

Agatha
Triple Stumper
    $200 23
the Cincinnati Reds

Chris
    $200 8
Wendy's

Chris
    $200 13
a shrew

Chris
    $200 3
Snow White

Triple Stumper
    $300 20
(Agatha: What is... um, Burma?)

Bombay

ChrisAgatha
    $300 28
Mad magazine

Agatha
    $300 24
the Golden Gloves

Chris
    $300 9
Burger King

Chris
    $300 14
a tortoise

Agatha
    $300 4
Rapunzel

Lauren
    $400 21
Belfast

Agatha
    $400 29
18

Agatha
    $400 25
the Orange Bowl

Chris
    $400 10
Taco Bell

Agatha
    $400 15
an aardvark

Agatha
    $400 5
Rumpelstiltskin

Lauren
    $500 22
the Bahamas

Chris
    $500 30
Sesame Street (Magazine)

Chris
    $500 26
white water rapids

Agatha
    $500 11
Pizza Hut

Agatha
    $500 16
the spotted owl

Agatha
    $500 6
a griffin

Agatha

Scores at the first commercial break (after clue 16):

Chris Agatha Lauren
$800 $2,700 $900

Scores at the end of the Jeopardy! Round:

Chris Agatha Lauren
$3,100 $4,000 $1,000

Double Jeopardy! Round responses

TEENS IN HISTORY
BOOKS & AUTHORS
1990 MOVIES
ARTISTS
MATHEMATICS
VALENTINE'S DAY
    $200 9
Peter the Great

Chris
    $200 14
the Three Musketeers

Agatha
    $200 23
Teenage Mutant Ninja Turtles

Lauren
    $200 3
Rembrandt

Agatha
    $200 7
the radius

Lauren
    $200 1
Cupid

Lauren
    $400 10
the British Parliament

Chris
    $400 15
Baum

Agatha
    $400 27
Three Men and a Little Lady

Chris
    $400 19
Lincoln

Agatha
    $400 8
a tangent

Agatha
    $400 2
marry

Chris
    $600 11
Germany

Agatha
    $2,000 16
The Call of the Wild

Agatha
    $600 28
Chucky

Agatha
    $600 20
Michelangelo

Agatha
    $600 24
90

Chris
    $600 4
the sleeve

Lauren
    $800 12
Octavius

Agatha
    $800 17
Adam Smith

Lauren
    $800 29
Gremlins

Chris
    $800 21
van Gogh

Agatha
    $800 25
1

Chris
    $800 5
wolves

Lauren
    $1000 13
Bernadette

Agatha
    $1000 18
Sinclair Lewis

Chris
    $1000 30
Johnny Depp

Agatha
    $2,000 22
Venice

Agatha
    $1000 26
(Chris: What is a polynomial equation?)
(Agatha: What is a line?)
(Lauren: What is a graph?)
[After the break Alex announced the clue was thrown out due to the squared sign not appearing next to "ax".]

a quadratic equation

Triple Stumper
    $1000 6
Chicago

Chris

Scores at the end of the Double Jeopardy! Round:

Chris Agatha Lauren
$8,700 $15,000 $3,800

Final Jeopardy! Round responses

THE 50 STATES
(Alex: [To Agatha] You just couldn't come up with it, so you put Iowa. I probably would have written, "What is Utah?")
LaurenWhat is Maine?
$3,800
ChrisWhat is Maine?
$1,001
AgathaWhat is Iowa?
$2,500
Maine

Final scores:

Chris Agatha Lauren
$9,701 $12,500 $7,600
2nd place: $1,000 if eliminated Automatic semifinalist 3rd place: $1,000 if eliminated

Game dynamics:

Coryat scores:

Chris Agatha Lauren
$8,700 $12,600 $3,800
20 R,
0 W
26 R
(including 3 DDs),
2 W
11 R,
0 W

Combined Coryat: $25,100

[game clues] [game scores] [suggest correction]

Game tape date: 1991-01-19
The J! Archive is created by fans, for fans. Scraping, republication, monetization, and malicious use prohibited; this site may use cookies and collect identifying information. See terms. The Jeopardy! game show and all elements thereof, including but not limited to copyright and trademark thereto, are the property of Jeopardy Productions, Inc. and are protected under law. This website is not affiliated with, sponsored by, or operated by Jeopardy Productions, Inc. Join the discussion at JBoard.tv.